LEADER 01731nas 2200577-a 450 001 996321179203316 005 20240204213017.0 024 8 $aeb66487068 035 $a(DE-599)ZDB2487261-1 035 $a(OCoLC)456205977 035 $a(CKB)1000000000564011 035 $a(CONSER)--2011252120 035 $a(EXLCZ)991000000000564011 100 $a20090603a20089999 o-- - 101 0 $aeng 135 $aur||||||||||| 181 $ctxt$2rdacontent 182 $cc$2rdamedia 183 $acr$2rdacarrier 200 00$aMaterials 210 $aBasel, Switzerland $cMolecular Diversity Preservation International$d2008-2010 210 31$aBasel, Switzerland :$cMDPI 215 $a1 online resource 300 $aRefereed/Peer-reviewed 311 $a1996-1944 531 $aMATERIALS (BASEL) 531 10$aMaterials (Basel) 531 1 $aMaterials 606 $aMaterials science$vPeriodicals 606 $aMaterials$vPeriodicals 606 $aBiomedical and Dental Materials 606 $aBiomimetic Materials 606 $aMaterials$2fast$3(OCoLC)fst01011772 606 $aMaterials science$2fast$3(OCoLC)fst01011957 608 $aPeriodical. 608 $aFulltext. 608 $aInternet Resources. 608 $aPeriodicals. 608 $aPeriodicals.$2fast 615 0$aMaterials science 615 0$aMaterials 615 12$aBiomedical and Dental Materials. 615 12$aBiomimetic Materials. 615 7$aMaterials. 615 7$aMaterials science. 712 02$aMolecular Diversity Preservation International. 712 02$aMultidisciplinary Digital Publishing Institute. 906 $aJOURNAL 912 $a996321179203316 996 $aMaterials$9748959 997 $aUNISA